International financial management / (Record no. 3186)

000 -LEADER
fixed length control field 00955nam a22002895a 4500
001 - CONTROL NUMBER
control field 16815080
003 - CONTROL NUMBER IDENTIFIER
control field OSt
005 - DATE AND TIME OF LATEST TRANSACTION
control field 20160906163855.0
008 - FIXED-LENGTH DATA ELEMENTS--GENERAL INFORMATION
fixed length control field 110608s2011 mnu 000 0 eng
010 ## - LIBRARY OF CONGRESS CONTROL NUMBER
LC control number 2011931560
020 ## - INTERNATIONAL STANDARD BOOK NUMBER
International Standard Book Number 9781844803606
040 ## - CATALOGING SOURCE
Original cataloging agency DLC
Transcribing agency DLC
042 ## - AUTHENTICATION CODE
Authentication code pcc
050 ## - LIBRARY OF CONGRESS CALL NUMBER
Classification number HG3881.M33 2007
100 1# - MAIN ENTRY--PERSONAL NAME
Personal name Madura, Jeff.
245 10 - TITLE STATEMENT
Title International financial management /
Statement of responsibility, etc Jeff Madura.
260 ## - PUBLICATION, DISTRIBUTION, ETC. (IMPRINT)
Place of publication, distribution, etc Australia :
Name of publisher, distributor, etc South-Western Cengage Learning,
Date of publication, distribution, etc 2007.
263 ## - PROJECTED PUBLICATION DATE
Projected publication date 1109
300 ## - PHYSICAL DESCRIPTION
Extent xxii, 758 p. :
Other physical details col. ill.
Dimensions 25cm
500 ## - GENERAL NOTE
General note Includes index
505 ## - FORMATTED CONTENTS NOTE
Formatted contents note The international financial environment-- Exchange rate behaviour-- Exchange rate risk management-- Long term asset and liability management-- Short term asset and liability management
648 ## - SUBJECT ADDED ENTRY--CHRONOLOGICAL TERM
Chronological term Financial management
700 ## - ADDED ENTRY--PERSONAL NAME
Personal name Fox, Roland
906 ## - LOCAL DATA ELEMENT F, LDF (RLIN)
a 0
b ibc
c orignew
d 2
e epcn
f 20
g y-gencatlg
942 ## - ADDED ENTRY ELEMENTS (KOHA)
Source of classification or shelving scheme
Koha item type Book
Holdings
Withdrawn status Lost status Source of classification or shelving scheme Damaged status Not for loan Home library Current library Shelving location Date acquired Total Checkouts Total Renewals Full call number Barcode Date last seen Date checked out Copy number Price effective from Koha item type
          Riara University Library Riara University Library General stack 06/09/2016 3 1 HG3881.M33 2007 7725/16 01/03/2019 18/01/2019 C.1 06/09/2016 Book

Riara University Library,
P.O. Box 49940-00100,
Nairobi, Kenya.